| 000 | 00510nam a2200181 a 4500 | ||
|---|---|---|---|
| 005 | 20140412111301.0 | ||
| 008 | 001118s19uu xx 00 eng d | ||
| 020 | _a0-689-71502-1 | ||
| 050 |
_aER _bHa14 1991 |
||
| 100 | _aAdams, Adrienne | ||
| 245 |
_aA Halloween happening / _cby Adrienne Adams. |
||
| 260 |
_aNew York : _bAladdin Books, _c1991. |
||
| 300 | _a1 v. (unp.) ; col. ; ill. | ||
| 650 | _aHalloween -- Fiction | ||
| 650 | _aHalloween--Fiction | ||
| 650 | _aWitches--Fiction | ||
| 999 |
_c103402 _d103402 |
||